[Event "Challenge"]
[Site "http://www.queenalice.com/game.php?id=42011"]
[Date "2005.12.7"]
[Round "-"]
[White "cipripereira"]
[Black "keypusher"]
[Result "0-1"]
[WhiteElo "1554"]
[BlackElo "1918"]

1. d3 d6 2. Nc3 Nf6 3. e4 g6 4. Qe2 Nc6 5. h3 Bg7 6. Nd5 O-O 7. c3 a5 8. Bg5 b5
9. g4 b4 10. c4 Nxd5 11. exd5 Nd4 12. Qd2 Qe8 13. Rc1 e6 14. Bg2 exd5+ 15. Kf1
c6 16. cxd5 c5 17. Re1 Qb5 18. Be7 Ba6 19. Re3 Rfe8 20. g5 Nf5 21. Rf3 Rxe7 22.
b3 Rae8 23. a4 bxa3 0-1

[Event "Challenge"]
[Site "http://www.queenalice.com/game.php?id=42145"]
[Date "2005.12.7"]
[Round "-"]
[White "keypusher"]
[Black "gisubr"]
[Result "0-1"]
[WhiteElo "1889"]
[BlackElo "1737"]

1. e4 e6 2. d4 d5 3. Nd2 c5 4. exd5 exd5 5. Ngf3 Nc6 6. Bb5 Bd6 7. dxc5 Bxc5 8.
Nb3 Bd6 9. O-O Ne7 10. Bg5 O-O 11. Bh4 Bg4 12. Be2 Qc7 13. Bg3 Rad8 14. Nfd4
Bxe2 15. Qxe2 a6 16. c3 Qc8 17. Rad1 Rfe8 18. Qf3 Ne5 19. Bxe5 Bxe5 20. h3 Ng6
0-1

[Event "Challenge"]
[Site "http://www.queenalice.com/game.php?id=43521"]
[Date "2005.12.14"]
[Round "-"]
[White "keypusher"]
[Black "TheAlchemist"]
[Result "1/2-1/2"]
[WhiteElo "1902"]
[BlackElo "1869"]

1. e4 c5 2. b3 Nc6 3. Bb2 e5 4. Bb5 d6 5. Bxc6+ bxc6 6. Ne2 Nf6 7. d3 Be7 8. O-O
O-O 9. f4 exf4 10. Nxf4 d5 11. Nd2 d4 12. Nh5 Ng4 13. Nc4 Bd6 14. Nxd6 Qxd6 15.
Rf4 Ne3 16. Qe2 Qg6 17. Ng3 Bg4 18. Qf2 Rae8 19. c3 Nd1 20. Rxd1 Bxd1 21. cxd4
cxd4 22. Bxd4 f6 23. Nf5 Re6 24. Bxa7 Bh5 25. Bc5 Rd8 26. Ne7+ Rxe7 27. Bxe7
Rxd3 28. g3 Qe8 29. Qc5 Rd1+ 30. Kg2 Qd7 31. Qb4 Rd2+ 32. Rf2 Rxf2+ 33. Kxf2 Qg4
34. Qc4+ Kh8 35. Qd3 h6 36. a4 Bg6 37. Ke3 Qg5+ 38. Kf2 Qe5 39. Bd6 Qxe4 40.
Qxe4 Bxe4 41. Ke3 Bc2 42. a5 Bxb3 43. Kd4 c5+ 44. Kxc5 Bd1 45. Kb6 Bf3 46. a6
Kg8 47. Kc7 Kf7 48. Kb8 g5 49. a7 Ke6 50. Ba3 h5 51. a8=Q Bxa8 52. Kxa8 h4 53.
gxh4 gxh4 54. Kb7 Kd5 55. Bb2 f5 56. h3 1/2-1/2

[Event "You will be defeated"]
[Site "http://www.queenalice.com/game.php?id=43648"]
[Date "2005.12.15"]
[Round "-"]
[White "mgv"]
[Black "keypusher"]
[Result "0-1"]
[WhiteElo "1621"]
[BlackElo "1920"]

1. e4 Nf6 2. e5 Nd5 3. c4 Nb6 4. d4 d6 5. f4 dxe5 6. fxe5 Nc6 7. Be3 Bf5 8. Nf3
Nb4 9. Na3 e6 10. Be2 c5 11. dxc5 Qxd1+ 12. Rxd1 Nd7 13. Nb5 Nc2+ 14. Kf2 Nxe3
15. Nc7+ Kd8 16. Nxa8 Nxd1+ 17. Rxd1 Bxc5+ 18. Kf1 Kc8 19. a3 a5 20. Bd3 Bxd3+
21. Rxd3 b6 22. Ke2 h6 23. Kd2 Rd8 24. Kc3 Kb7 25. b4 axb4+ 26. axb4 Be7 27.
Nxb6 Nxb6 28. Rxd8 Bxd8 29. Kd4 Be7 30. b5 Nd7 31. Nd2 Bc5+ 32. Ke4 Kb6 33. Nb3
Bg1 34. h3 Nc5+ 35. Nxc5 Kxc5 0-1

[Event "It not will be easy!!"]
[Site "http://www.queenalice.com/game.php?id=43649"]
[Date "2005.12.15"]
[Round "-"]
[White "keypusher"]
[Black "mgv"]
[Result "1-0"]
[WhiteElo "1914"]
[BlackElo "1753"]

1. e4 e6 2. d4 d5 3. Nc3 Nf6 4. Bg5 Be7 5. e5 Nfd7 6. Bxe7 Qxe7 7. f4 c5 8. Nb5
O-O 9. Nc7 Nb6 10. Nxa8 Nxa8 11. Nf3 Nc6 12. c3 f6 13. Bd3 fxe5 14. fxe5 cxd4
15. cxd4 Nc7 16. O-O Ne8 17. Qd2 g6 18. Rac1 Ng7 19. a3 Nf5 20. Bxf5 Rxf5 21. b4
a6 22. Rc5 g5 23. Qd3 Bd7 24. Rcc1 b5 25. Nd2 Nxb4 26. axb4 Qxb4 27. Rc7 Rxf1+
28. Nxf1 Qe7 29. Ne3 Qd8 30. Qc2 b4 31. Rb7 a5 32. Qc7 Qxc7 33. Rxc7 Be8 34. Rc8
Kf7 35. Rb8 Ke7 36. Kf2 Bc6 37. Ke1 Kd7 38. Kd2 Kc7 39. Rf8 Kb6 40. Kc1 1-0

[Event "AUTO-ELITE-21"]
[Site "http://www.queenalice.com/game.php?id=43970"]
[Date "2005.12.17"]
[Round "1"]
[White "modestyblase"]
[Black "keypusher"]
[Result "1-0"]
[WhiteElo "1978"]
[BlackElo "1902"]

1. d4 Nf6 2. c4 c5 3. d5 Ne4 4. f3 Qa5+ 5. Nd2 Nd6 6. e4 g6 7. Bd3 Bg7 8. Ne2 b5
9. O-O bxc4 10. Nxc4 Nxc4 11. Bxc4 Ba6 12. Qd3 O-O 13. d6 Bxc4 14. Qxc4 e6 15.
Rd1 Na6 16. Bd2 Qb6 17. Bc3 f6 18. f4 1-0

[Event "AUTO-ELITE-21"]
[Site "http://www.queenalice.com/game.php?id=43971"]
[Date "2005.12.17"]
[Round "1"]
[White "keypusher"]
[Black "modestyblase"]
[Result "0-1"]
[WhiteElo "1873"]
[BlackElo "1991"]

1. e4 c5 2. b3 Nc6 3. Bb2 e5 4. Bb5 Nge7 5. Ne2 a6 6. Bxc6 Nxc6 7. O-O d6 8. f4
g6 9. Nbc3 Bg7 10. Nd5 f5 11. exf5 Bxf5 12. Ng3 O-O 13. Nxf5 Rxf5 14. fxe5 Rxf1+
15. Qxf1 Nxe5 16. Qf2 Ng4 0-1

[Event "AUTO-ELITE-21"]
[Site "http://www.queenalice.com/game.php?id=43984"]
[Date "2005.12.17"]
[Round "1"]
[White "keypusher"]
[Black "losloper"]
[Result "0-1"]
[WhiteElo "1924"]
[BlackElo "2075"]

1. e4 c5 2. b3 Nc6 3. Bb2 e5 4. Bb5 Nd4 5. Bc4 Qg5 6. Bxd4 Qxg2 7. Qh5 Nh6 8.
Qxe5+ Kd8 9. Be3 Qxh1 10. f3 Qg2 11. Nc3 d6 12. Bg5+ f6 13. Bxf6+ gxf6 14. Qxf6+
Kc7 0-1

[Event "AUTO-ELITE-21"]
[Site "http://www.queenalice.com/game.php?id=43985"]
[Date "2005.12.17"]
[Round "1"]
[White "losloper"]
[Black "keypusher"]
[Result "1-0"]
[WhiteElo "2149"]
[BlackElo "1908"]

1. e4 c5 2. Nf3 e6 3. d4 cxd4 4. Nxd4 a6 5. Bd3 Nf6 6. O-O Qc7 7. Kh1 d6 8. f4
Nbd7 9. c4 Nc5 10. Nc3 Nxd3 11. Qxd3 Be7 12. b3 O-O 13. Ba3 b6 14. e5 dxe5 15.
Bxe7 Qxe7 16. fxe5 Ne8 17. Na4 Qc7 18. Rad1 Bb7 19. Qg3 g6 20. b4 Ng7 21. c5
bxc5 22. Nxc5 Bd5 23. a3 Rfd8 24. Rc1 Qe7 25. Qg4 Nf5 26. Nxf5 exf5 27. Rxf5 1-0

[Event "AUTO-ELITE-21"]
[Site "http://www.queenalice.com/game.php?id=43986"]
[Date "2005.12.17"]
[Round "1"]
[White "keypusher"]
[Black "Pato"]
[Result "1-0"]
[WhiteElo "1885"]
[BlackElo "1988"]

1. e4 Nc6 2. Nf3 d5 3. exd5 Qxd5 4. Nc3 Qa5 5. d4 Bg4 6. Bb5 a6 7. Bxc6+ bxc6 8.
h3 Qh5 9. Bf4 Bxf3 10. gxf3 O-O-O 11. Qe2 Qa5 12. O-O-O e6 13. Rd3 Nf6 14. Rhd1
Nd5 15. Nxd5 cxd5 16. Kb1 Bd6 17. Bg3 Bxg3 18. fxg3 Rd6 19. Ra3 Qb6 20. Rdd3 Kd7
21. Rab3 Qa7 22. Qd2 Rb8 23. Rxb8 Qxb8 24. Ra3 Qb5 25. Qd3 g6 26. f4 Rb6 27.
Qxb5+ axb5 28. Kc1 h5 29. Kd2 b4 30. Ra7 Kd6 31. Kd3 f6 32. h4 e5 33. fxe5+ fxe5
34. dxe5+ Kxe5 35. Rxc7 Rf6 36. Re7+ Kd6 37. Re8 Kc5 38. Rc8+ Kd6 39. Kd4 Rf2
40. Rb8 Rxc2 41. Rb6+ Kc7 42. Rxb4 Kc6 43. a4 Rd2+ 44. Ke3 Rg2 45. Kf4 Kc5 46.
Rb3 d4 47. a5 Kc4 48. Ra3 Rf2+ 49. Ke4 Re2+ 50. Kf3 Re7 51. a6 Ra7 52. Ke2 d3+
53. Kd2 1-0

[Event "AUTO-ELITE-21"]
[Site "http://www.queenalice.com/game.php?id=43987"]
[Date "2005.12.17"]
[Round "1"]
[White "Pato"]
[Black "keypusher"]
[Result "1/2-1/2"]
[WhiteElo "1979"]
[BlackElo "1905"]

1. f4 Nf6 2. Nf3 g6 3. b3 Bg7 4. Bb2 O-O 5. e3 d6 6. Be2 Nc6 7. d3 e5 8. O-O
exf4 9. exf4 Nd5 10. Bxg7 Kxg7 11. Qd2 Qf6 12. Na3 Qxf4 13. c4 Qxd2 14. Nxd2 Nd4
15. Bf3 Ne3 16. Rf2 Ng4 17. Bxg4 Bxg4 18. Nf3 Nxf3+ 19. gxf3 Bd7 20. Re1 Rfe8
21. Rfe2 Rxe2 22. Rxe2 Re8 23. Rxe8 Bxe8 24. Kf2 Kf6 25. Nc2 g5 26. d4 Bd7 27.
a3 Bf5 28. Ne3 c5 29. Nd5+ Ke6 30. Ke3 Bc2 31. b4 cxd4+ 32. Kxd4 h5 33. Nc7+ Kd7
34. Nd5 h4 35. Ne3 Bg6 36. a4 Bh5 37. Ke4 Ke6 38. Nd5 f5+ 39. Ke3 Ke5 40. f4+
gxf4+ 41. Nxf4 Bf7 42. c5 dxc5 43. Nd3+ Kf6 44. Nxc5 Bd5 45. Kf4 b6 46. Nd3 Bc6
47. a5 bxa5 48. bxa5 Bb5 49. Ne5 Be2 50. Nc6 a6 51. Nd4 Bg4 52. Nc6 Be2 53. Nd4
Bd3 54. Nf3 h3 1/2-1/2

[Event "Challenge"]
[Site "http://www.queenalice.com/game.php?id=51225"]
[Date "2006.2.5"]
[Round "-"]
[White "TheAlchemist"]
[Black "keypusher"]
[Result "1-0"]
[WhiteElo "1887"]
[BlackElo "1889"]

1. e4 Nf6 2. e5 Nd5 3. d4 d6 4. Nf3 Bg4 5. Be2 e6 6. O-O Be7 7. c4 Nb6 8. Nbd2
dxe5 9. Nxe5 Bxe2 10. Qxe2 Qxd4 11. Ndf3 Qd8 12. Re1 O-O 13. b3 N6d7 14. Bb2 Bf6
15. Rad1 Qe7 16. Qe4 g6 17. Qxb7 1-0

[Event "AUTO-MASTER-52"]
[Site "http://www.queenalice.com/game.php?id=55192"]
[Date "2006.2.28"]
[Round "2"]
[White "Pato"]
[Black "keypusher"]
[Result "0-1"]
[WhiteElo "2080"]
[BlackElo "1895"]

1. f4 Nf6 2. b3 g6 3. Bb2 Bg7 4. Nf3 d5 5. e3 O-O 6. Be2 c5 7. d3 Nc6 8. O-O d4
9. e4 Ng4 10. Qd2 e5 11. fxe5 Ncxe5 12. Nxe5 Bxe5 13. Bxg4 Bxg4 14. h3 Qh4 15.
Qf2 Bg3 16. Qf6 Qxf6 17. Rxf6 Bf5 18. exf5 Be5 19. fxg6 Bxf6 20. gxh7+ Kxh7 21.
Nd2 Bg5 22. Ne4 Be3+ 23. Kf1 b6 24. Bc1 f5 25. Nd2 Bxd2 26. Bxd2 f4 27. Kf2 Rae8
28. a4 Rf7 29. a5 b5 30. Kf3 Kg6 31. Bxf4 Re3+ 32. Kg4 Re2 33. g3 Rxc2 34. Re1
Rc3 35. Re6+ Rf6 36. Re7 Rf7 37. Re5 Rxd3 38. Rxc5 Rxb3 39. h4 d3 40. h5+ Kh7
41. Rd5 Ra3 42. Kg5 Rb7 43. g4 b4 44. Kf6 Rc3 45. g5 Rc6+ 46. Kf5 Rf7+ 47. Ke5
Kg8 48. g6 Rf8 49. Bd2 b3 50. Rxd3 Rb8 51. Kf5 b2 52. h6 b1=Q 53. h7+ Kh8 0-1

[Event "AUTO-MASTER-52"]
[Site "http://www.queenalice.com/game.php?id=55193"]
[Date "2006.2.28"]
[Round "2"]
[White "keypusher"]
[Black "Pato"]
[Result "0-1"]
[WhiteElo "1930"]
[BlackElo "1962"]

1. g3 h5 2. Bg2 h4 3. b3 a5 4. Nc3 c6 5. Bb2 hxg3 6. hxg3 Rxh1 7. Bxh1 d5 8. e4
d4 9. Nce2 e5 10. Nf3 Bd6 11. d3 Bg4 12. Bg2 Nd7 13. Nh2 Bh5 14. Bh3 Nh6 15. Kf1
g5 16. Qc1 Bf8 17. c3 g4 18. Bg2 c5 19. Kg1 Rc8 20. Qe1 b6 21. a4 Qg5 22. Rc1
Kd8 23. Nf1 f5 24. exf5 Nxf5 25. cxd4 cxd4 26. Nd2 Rxc1 27. Bxc1 Bb4 28. Qd1 Qg8
29. Ne4 Bf7 30. Bg5+ Kc8 31. Qc2+ Kb8 32. Nf6 Qc8 33. Qxc8+ Kxc8 34. Bd5 Bxd5
35. Nxd5 Bd6 36. Kf1 Kb7 37. Ke1 Kc6 38. Nf6 Nxf6 39. Bxf6 b5 40. Bd8 Bb4+ 41.
Kd1 Nd6 42. Nc1 Kd5 43. Na2 bxa4 44. bxa4 e4 45. Nc1 exd3 46. Nxd3 Ne4 47. Kc2
Nc3 48. Kb3 Ke4 49. Nxb4 axb4 50. Kxb4 Nd5+ 51. Kc5 d3 52. Bg5 Nc7 53. Kb6 Nd5+
54. Kb7 Kf3 55. a5 Kxf2 56. a6 Ne3 57. a7 d2 58. a8=Q d1=Q 0-1

[Event "AUTO-MASTER-52"]
[Site "http://www.queenalice.com/game.php?id=55194"]
[Date "2006.2.28"]
[Round "2"]
[White "Nephi_R"]
[Black "keypusher"]
[Result "0-1"]
[WhiteElo "1870"]
[BlackElo "1862"]

1. e4 Nf6 2. Nc3 d6 3. d4 g6 4. Nf3 Bg7 5. Be2 O-O 6. Bg5 c5 7. O-O cxd4 8. Nxd4
Nc6 9. Nxc6 bxc6 10. Qd2 Rb8 11. Rab1 Be6 12. h3 Nd7 13. Rfd1 Nb6 14. b3 a5 15.
Bf3 a4 16. bxa4 Nc4 17. Qe1 Qa5 18. Nd5 cxd5 19. Rxb8 Qxe1+ 20. Rxe1 Rxb8 21.
exd5 Bf5 22. Rxe7 Be5 23. g4 Bxc2 24. Rc7 Bd3 25. Kg2 Kg7 0-1

[Event "AUTO-MASTER-52"]
[Site "http://www.queenalice.com/game.php?id=55195"]
[Date "2006.2.28"]
[Round "2"]
[White "keypusher"]
[Black "Nephi_R"]
[Result "1-0"]
[WhiteElo "1918"]
[BlackElo "1822"]

1. e4 c6 2. d4 d5 3. Nc3 e6 4. Nf3 Nf6 5. e5 Nfd7 6. Bd3 c5 7. Be3 a6 8. O-O Nc6
9. Be2 Be7 10. Re1 O-O 11. Bf1 Re8 12. Ne2 cxd4 13. Bxd4 Nxd4 14. Nexd4 Qb6 15.
Rb1 Nc5 16. c3 Bd7 17. g3 Rac8 18. h4 Ne4 19. Bd3 Nc5 20. Bc2 g6 21. Kg2 a5 22.
h5 Bf8 23. Rh1 Qd8 24. Qe2 Bg7 25. Rbe1 Qb6 26. Rb1 a4 27. Ng5 h6 28. hxg6 fxg6
29. Ngf3 Kf7 30. Bxg6+ Kxg6 31. Ng5 1-0

[Event "AUTO-OPEN-151"]
[Site "http://www.queenalice.com/game.php?id=59080"]
[Date "2006.3.24"]
[Round "2"]
[White "vindaloo"]
[Black "keypusher"]
[Result "0-1"]
[WhiteElo "1776"]
[BlackElo "1878"]

1. e4 Nf6 2. e5 Nd5 3. d4 d6 4. exd6 cxd6 5. Bb5+ Bd7 6. Bxd7+ Nxd7 7. Nf3 g6 8.
a3 Bg7 9. O-O Rc8 10. c3 O-O 11. Nbd2 e5 12. Ne4 N7b6 13. Bg5 f6 14. Bd2 f5 15.
Bg5 Qd7 16. Ned2 h6 17. h4 hxg5 18. hxg5 Qd8 19. c4 Ne7 20. Qb3 e4 21. c5+ Nbd5
22. Nh4 dxc5 23. dxc5 Rxc5 24. Qxb7 Qb6 25. Qxb6 axb6 26. Rab1 Rc2 27. Nb3 Kf7
28. g3 Ra8 29. Ng2 Rxb2 30. Nf4 Nxf4 31. gxf4 Rxa3 32. Rxb2 Bxb2 33. Nd2 b5 34.
Rb1 Ra1 35. Rxa1 Bxa1 36. Kg2 Nd5 37. Nb3 Bc3 38. Kf1 Nxf4 0-1

[Event "AUTO-OPEN-151"]
[Site "http://www.queenalice.com/game.php?id=59081"]
[Date "2006.3.24"]
[Round "2"]
[White "keypusher"]
[Black "vindaloo"]
[Result "1-0"]
[WhiteElo "1890"]
[BlackElo "1690"]

1. g3 e5 2. Bg2 d5 3. Nf3 e4 4. Nd4 Nf6 5. O-O Be7 6. d3 exd3 7. cxd3 c5 8. Nb3
Nbd7 9. Nc3 Nb6 10. Bg5 d4 11. Bxf6 Bxf6 12. Ne4 c4 13. Nxf6+ Qxf6 14. dxc4 Nxc4
15. Rb1 O-O 16. Qxd4 Qxd4 17. Nxd4 Nd2 18. Rfd1 Nxb1 19. Rxb1 a5 20. h3 Ra6 21.
e3 Rd6 22. b3 b6 23. Rc1 Bd7 24. Rc2 Rc8 25. Rb2 Rc1+ 26. Kh2 g6 27. Bf3 h5 28.
h4 Kg7 29. Kg2 b5 30. Rd2 Kf6 31. Be4 b4 32. Bf3 Bg4 33. Be4 Ke5 34. Bb7 Bf5 35.
Nf3+ Ke6 36. Nd4+ Kf6 37. Bf3 Bd7 38. Kh2 a4 39. bxa4 Bxa4 40. Rb2 Rb6 41. Kg2
Bd7 42. a3 bxa3 43. Rxb6+ Kg7 44. Ra6 1-0

[Event "AUTO-OPEN-151"]
[Site "http://www.queenalice.com/game.php?id=59086"]
[Date "2006.3.24"]
[Round "2"]
[White "keypusher"]
[Black "Homer"]
[Result "1/2-1/2"]
[WhiteElo "1898"]
[BlackElo "1833"]

1. e4 e5 2. Nf3 Nc6 3. Bc4 Bc5 4. b4 Bxb4 5. c3 Bc5 6. d4 exd4 7. O-O d6 8. cxd4
Bb6 9. h3 h6 10. Nc3 Nge7 11. Nd5 Nxd5 12. exd5 Ne7 13. a4 a5 14. Ra3 O-O 15.
Nd2 Bxd4 16. Rg3 Ng6 17. Nf3 Bf6 18. Bd3 Ne5 19. Nxe5 Bxe5 20. f4 Bd4+ 21. Kh1
Re8 22. Bb5 Re4 23. Bd3 1/2-1/2

[Event "AUTO-OPEN-151"]
[Site "http://www.queenalice.com/game.php?id=59087"]
[Date "2006.3.24"]
[Round "2"]
[White "Homer"]
[Black "keypusher"]
[Result "1/2-1/2"]
[WhiteElo "1897"]
[BlackElo "1915"]

1. d4 Nf6 2. Bg5 g6 3. Nc3 Bg7 4. e4 d6 5. Be2 c6 6. Qd2 b5 7. a3 Nbd7 8. Nf3 a5
9. Bh6 Bxh6 10. Qxh6 Qc7 11. O-O Bb7 12. Rad1 b4 13. axb4 axb4 14. Nb1 Nxe4 15.
Qg7 Rf8 16. Qxh7 O-O-O 17. Qh6 d5 18. Qe3 Ndf6 19. Ng5 Rh8 20. h3 Nxg5 21. Qxg5
Kb8 22. Qd2 Qd6 23. Qd3 Bc8 24. Nd2 g5 25. Qg3 g4 26. Qxd6+ Rxd6 27. hxg4 Nxg4
28. Bxg4 Bxg4 29. f3 Bf5 30. c3 Bd3 31. Rfe1 bxc3 32. bxc3 1/2-1/2

[Event "AUTO-OPEN-151"]
[Site "http://www.queenalice.com/game.php?id=87610"]
[Date "2006.7.19"]
[Round "3"]
[White "keypusher"]
[Black "REUSKING"]
[Result "1-0"]
[WhiteElo "1914"]
[BlackElo "1819"]

1. e4 e5 2. Nf3 Nf6 3. Nxe5 d6 4. Nf3 Nxe4 5. Nc3 Nxc3 6. dxc3 Be7 7. Bf4 O-O 8.
Qd2 Bf5 9. O-O-O Nc6 10. Nd4 Nxd4 11. cxd4 Bf6 12. f3 Re8 13. g4 Bg6 14. h4 Bxh4
15. g5 1-0

[Event "AUTO-OPEN-151"]
[Site "http://www.queenalice.com/game.php?id=87611"]
[Date "2006.7.19"]
[Round "3"]
[White "REUSKING"]
[Black "keypusher"]
[Result "0-1"]
[WhiteElo "1831"]
[BlackElo "1926"]

1. e4 Nf6 2. Nc3 e5 3. Nf3 Nc6 4. Bc4 Nxe4 5. Nxe4 d5 6. Bxd5 Qxd5 7. Nc3 Qa5 8.
d3 Bg4 9. Bd2 Bb4 10. O-O O-O-O 11. a3 Bxc3 12. Bxc3 Qd5 13. h3 Bxf3 14. Qxf3
Qxf3 15. gxf3 Nd4 16. Bxd4 Rxd4 17. Rae1 Rh4 18. Kh2 Re8 19. Rg1 g6 20. Rg4 Rh5
21. f4 Kd7 22. fxe5 Rexe5 23. Re3 Kd6 24. Rge4 Rxe4 25. Rxe4 Rc5 26. c3 Rg5 27.
f4 Rf5 28. h4 c5 29. c4 Rf6 30. Kg3 Kd7 31. Re5 Rd6 32. Rxc5 Rxd3+ 33. Kg4 Rb3
34. Rb5 Rxb5 35. cxb5 Ke7 36. b4 Kf6 37. a4 h5+ 38. Kf3 Kf5 39. a5 b6 40. axb6
axb6 41. Ke3 Kg4 0-1